000 00668nam a2200301Ia 4500
005 20260401122435.0
008 008 250103s9999 xx 000 0 eng d
020 _a9789382110156
037 _aTB
040 _aEDL
040 _beng
040 _cEDL
041 _2eng
041 _aeng
084 _a822.33VIS
084 _qEDL
100 _aViswanathan, S.
245 0 _aShakespeare : The interplay of page and stage
245 0 _cViswanathan, S.
260 _aNew Delhi
260 _bReaders Paradise
260 _c2014
300 _a185p
942 _cTB
942 _h822.33VIS
999 _c1847303
_d1847303